Borders of Bulgaria Quiz Stats

 Plays Quiz Updated Sep 30, 2016

Also try: Turkey's Borders
Challenge
Share
Tweet
Embed
Score 0/5 Timer 00:30
1 Play Today
Country % Correct
Romania
92.6%
Greece
78.6%
Turkey
72.4%
Serbia
70.2%
Macedonia
66.8%

You're not logged in!

Compare scores with friends on all Sporcle quizzes.
Join for Free
OR
Log In

You Might Also Like...

Show Comments

Extras

Top Quizzes Today


Score Distribution

Your Account Isn't Verified!

In order to create a playlist on Sporcle, you need to verify the email address you used during registration. Go to your Sporcle Settings to finish the process.

Report this User

Report this user for behavior that violates our Community Guidelines.

Details: